000 01891cab a2200457 4500
001 ##L133058
008 060406n2006 000 0 eng u
035 _a(Sirsi) u133058
041 0 _aeng
100 1 _aShepherd, Jim
245 0 0 _aHousing law update
260 _c2006
490 0 _aSolicitors' Journal
_v150(9) 10 March 2006, 293-296(3)
520 _aProvides an update of recent developments in housing law. Covers new legislation, and recent decisions on possession, tolerated trespassers, homelessness, statutory residence, human rights, the right to buy, service of proceedings, disrepair and easements. Also reports on the CA decision in "Ealing LBC v Richardson" ([2005] EWCA Civ 1798, unreported).
590 _aIKA110406
650 2 4 _aHOUSING HEALTH AND SAFETY RATING SYSTEM (ENGLAND) REGULATIONS 2005
650 2 4 _aHOUSING ACT 2004
650 2 4 _aWHITE AND ANOTHER V RIVERSIDE HOUSING ASSOCIATION LTD
650 2 4 _aSOUTHWARK LBC V O'SULLIVAN
650 2 4 _aR V TOWER HAMLETS LBC EX P CHELFAT
650 2 4 _aKENSINGTON AND CHELSEA LBC V RICHMOND
650 2 4 _aBURROWS V BRENT LBC
650 2 4 _aLAMBETH LBC V ROGERS
650 2 4 _aR V LB HARROW EX P MOHAMMED
650 2 4 _aCHIEF ADJUDICATION OFFICER V WOLKE
650 2 4 _aTROJANI V CPAS
650 2 4 _aCROSSLEY V WESTMINSTER CC
650 2 4 _aR V RICHMOND-UPON-THAMES BC EX P SLAIMAN
650 2 4 _aSTEPHENS V KERR
650 2 4 _aPYE (OXFORD) LTD & ANOR V UNITED KINGDOM
650 2 4 _aTERRY V TOWER HAMLETS LBC
650 2 4 _aCOPPING V SURREY CC
650 2 4 _aO'HARA V MCDOUGAL
650 2 4 _aIRONTRAIN INVESTMENTS LTD V ANSARI
650 2 4 _aMARLBOROUGH PARK SERVICES LTD V ROWE AND ANOTHER
650 2 4 _aEALING LBC V RICHARDSON
650 2 4 _aJONES V CLEANTHI
690 _aPROPERTY-RESIDENTIAL PROPERTY-DOMESTIC RESIDENTIAL PROPERTY-HOUSING
700 1 _aPreston, Dominic
942 _n0
999 _c76777
_d76777